000 00375nam a2200145Ia 4500
008 100122s9999 xx 000 0 und d
082 _b31799
_a823
100 _aफडके ना सी
245 _aखेळणी
260 _bपं.अ.कुलकर्णी
_c1905
300 _a232
630 _aखेळणी
730 _aखेळणी
942 _cBOOK
999 _c416309
_d416306